Cement technology roadmap 2009 (Record no. 110568)

MARC details
000 -LEADER
fixed length control field 01200cam a22002295a 4500
001 - CONTROL NUMBER
control field L149631
008 - FIXED-LENGTH DATA ELEMENTS--GENERAL INFORMATION
fixed length control field 100329s2009 xxk f 000 0 eng d
020 ## - INTERNATIONAL STANDARD BOOK NUMBER
International Standard Book Number 9783940388476
035 ## - SYSTEM CONTROL NUMBER
System control number (Sirsi) u149631
041 0# - LANGUAGE CODE
Language code of text/sound track or separate title eng
050 04 - LIBRARY OF CONGRESS CALL NUMBER
Classification number 693.5 $2 18
110 2# - MAIN ENTRY--CORPORATE NAME
Corporate name or jurisdiction name as entry element World Business Council for Sustainable Development
9 (RLIN) 4488
245 00 - TITLE STATEMENT
Title Cement technology roadmap 2009
Remainder of title carbon emissions reductions up to 2050
Medium [electronic resource]
260 ## - PUBLICATION, DISTRIBUTION, ETC.
Place of publication, distribution, etc. Geneva
Name of publisher, distributor, etc. WBCSD
Date of publication, distribution, etc. 2009
520 ## - SUMMARY, ETC.
Summary, etc. Examines emissions reductions in the cement industry; there is no substitute for concrete as a major global construction material. Other materials can be used in a few applications, but they do not match the broad applications of current concrete use. The roadmap covers indicators to chart progress, financial and policy support that will be required, the limitations to implementing it, technological aspects such as alternative fuel, and a regional perspective.
590 ## - LOCAL NOTE (RLIN)
Local note KA
651 #4 - SUBJECT ADDED ENTRY--GEOGRAPHIC NAME
Geographic name Global
690 ## - LOCAL SUBJECT ADDED ENTRY--TOPICAL TERM (OCLC, RLIN)
Topical term or geographic name as entry element BUILT ENVIRONMENT
710 1# - ADDED ENTRY--CORPORATE NAME
Corporate name or jurisdiction name as entry element International Energy Agency
9 (RLIN) 6049
856 48 - ELECTRONIC LOCATION AND ACCESS
Uniform Resource Identifier <a href="https://www.iea.org/papers/2009/Cement_Roadmap.pdf">https://www.iea.org/papers/2009/Cement_Roadmap.pdf</a>
Public note View this item free of charge at www.wbcsd.org
942 ## - ADDED ENTRY ELEMENTS (KOHA)
Suppress in OPAC 0
Holdings
Withdrawn status Lost status Source of classification or shelving scheme Damaged status Not for loan Home library Current library Shelving location Date acquired Total Checkouts Full call number Barcode Date last seen Copy number Price effective from Koha item type
    Dewey Decimal Classification     Virtual Virtual Online 29/03/2010   ONLINE PUBLICATION 149631-2001 06/08/2019 1 06/08/2019 Book